000
00323nam a22001337a 4500
020
_a
0720431751
082
_a
338.06 JOH
100
_a
Johansen, Leif.
245
_a
production functions
260
_a
London
_b
North-Hulland
_c
1972
300
_a
ix, 274p.
_b
ill, 24cm.
500
_a
Include index, Bibliography
942
_c
BK
999
_c
14030
_d
14030